• 首页
  • 本馆介绍
  • 公告通知
  • 最新文献
  • 馆藏检索
  • 电子资源
  • 读者导购
  • 参考咨询
  • 我的图书馆
  • 登录
  • 详细信息显示
  • 放入我的书架
  • 预约/预借图书
  • 作者相关作品
  • 分类相关作品
  • 丛书相关作品
  • 出版社相关作品

书目信息

  • 表格格式
  • 工作单格式
  • 卡片格式
题名:
斯大林格勒保卫战
    
 
作者: Жуков , 朱可夫 著 ;王健夫 译
分册:  
出版信息: 天津   天津人民出版社  1980
页数: 654页
开本: 21cm
丛书名:
单 册:
中图分类: K512.54
科图分类:
主题词: 斯大林格勒保卫战(1942~1943)
电子资源:
ISBN:
000 00831nam0 2200277 45
001 0180000820
005 20061115153759.71
010    @dCNY1.70
091    @aCN@b10072.683
100    @a19950817d1980 em y0chiy0121 ea
101 1  @achi@crus
102    @aCN@b120000
105    @ay z 000yy
200 10 @a斯大林格勒保卫战@Asi da lin ge le bao wei zhan@f(苏)朱可夫(Жуков)著@g王健夫译
210    @a天津@c天津人民出版社@d1980
215    @a654页@d21cm
300    @a书名原文:Битва заСталинград
510 1  @aБитва заСталинград@zrus
606    @a斯大林格勒保卫战(1942~1943)
690    @aK512.54@v3
701 A1 @aЖуков@4著
701  1 @a朱可夫@Azhu ke fu@4著
702  0 @a王健夫@Awang jian fu@4译
801  2 @aCN@bNLC@c20061115
801  0 @aCN@bTSSF
905    @a10447@dK512.54@e4
    
    斯大林格勒保卫战/(苏)朱可夫(Жуков)著/王健夫译.-天津:天津人民出版社,1980
    654页;21cm
    书名原文:Битва заСталинград
    
    ISBN :CNY1.70
    
●
相关链接 在E读中查询图书 在五车中查询图书 在当当中查询图书 在豆瓣中查询图书


正题名:斯大林格勒保卫战     索取号:K512.54/4         预约/预借

序号 登录号 条形码 馆藏地/架位号 状态 备注
1 0079412   001394574   第二样本阅览室/ [索取号:K512.54/4] 在馆    
唐山师范学院图书馆 欢迎您!
大连网信软件有限公司© 版权所有